Online
Catalog

El arbitraje internacional y la controversia de límites entre Nicaragua y Honduras / (Record no. 35829)

MARC details
000 -CABECERA
campo de control de longitud fija 00634nam a2200169 a 4500
001 - NÚMERO DE CONTROL
campo de control 000036338
005 - FECHA Y HORA DE LA ÚLTIMA TRANSACCIÓN
campo de control 20200930075657.0
008 - DATOS DE LONGITUD FIJA--INFORMACIÓN GENERAL
campo de control de longitud fija 120113s1959 sp 000 0 spa d
040 ## - FUENTE DE LA CATALOGACIÓN
Centro catalogador/agencia de origen DO-SdBNP
Lengua de catalogación spa
Centro/agencia transcriptor BNPHU
082 ## - NÚMERO DE LA CLASIFICACIÓN DECIMAL DEWEY
Número de clasificación xxx
Número de documento/Ítem S229a
100 1# - ENTRADA PRINCIPAL--NOMBRE DE PERSONA
Nombre de persona Sansón-Terán, José
9 (RLIN) 62506
245 13 - MENCIÓN DE TÍTULO
Título El arbitraje internacional y la controversia de límites entre Nicaragua y Honduras /
Mención de responsabilidad, etc. José Sansón-Terán ; prologo Camilo Barcia Trelles, Philip C. Jessup.
260 ## - PUBLICACIÓN, DISTRIBUCIÓN, ETC.
Lugar de publicación, distribución, etc. Barcelona :
Nombre del editor, distribuidor, etc. Hispano Europea,
Fecha de publicación, distribución, etc. 1959.
300 ## - DESCRIPCIÓN FÍSICA
Extensión 579 p. ;
Dimensiones 21 cm.
700 1# - PUNTO DE ACCESO ADICIONAL--NOMBRE DE PERSONA
Nombre de persona Barcia Trelles, Camilo,
Término indicativo de función/relación pról.
9 (RLIN) 62507
700 1# - PUNTO DE ACCESO ADICIONAL--NOMBRE DE PERSONA
Nombre de persona Jessup, Philip C.,
Término indicativo de función/relación pról.
9 (RLIN) 62508
Holdings
Estado de retiro Estado de pérdida Restricciones de uso No para préstamo Código de colección Localización permanente Ubicación/localización actual Ubicación en estantería Fecha de adquisición Número de inventario Total de préstamos Signatura topográfica completa Código de barras Fecha visto por última vez Precio válido a partir de Tipo de ítem Koha
        Monografías: Libros y Folletos General General Orden iniciada 13.01.2012 LF1   xxx S229a 36339-10 25.06.2020 25.06.2020 No se presta

Powered by Koha